| 000 | 00690nam a22001697a 4500 | ||
|---|---|---|---|
| 082 | _a658.15 | ||
| 100 | _aAli, Areeb ; Jamil, Muazzam Ali ; Hussain, Aamer ; Iqbal, Muhammad Fahim | ||
| 245 |
_aPlanning Engineering and Project Management: _bFinancial Resource management / _cAreeb Ali ; Muazzam Ali Jamil ; Aamer Hussain ; Muhammad Fahim Iqbal |
||
| 260 |
_aIslamabad : _bSEECS - NUST, _c2006. |
||
| 300 |
_a49 p. ; _c30cm. |
||
| 563 | _aHB | ||
| 650 |
_aElectrical Engineering-Project Report _930780 |
||
| 700 |
_aMr Muhammad Yousaf _931155 |
||
| 856 | _uhttp://10.250.8.41:8080/xmlui/handle/123456789/29571 | ||
| 942 |
_2ddc _cPR |
||
| 999 |
_c536410 _d536410 |
||